Propuesta metodológica para el diseño y aplicación de áreas verdes en edificaciones de tipología educacional en la región Pacífico y Central de Nicaragua
Presenta un diseño y aplicación de áreas verdes enfocado a edificios de tipología educacional, esto considerando que la mayoría de las personas pasan por la escuela, inculcándoles así desde el preescolar el valor y la importancia de las áreas verdes en el desarrollo de los usuarios. A su vez...
| Main Authors: | , , |
|---|---|
| Other Authors: | |
| Format: | Tesis Section = Libro |
| Language: | Undetermined Spanish |
| Published: |
Managua
UNI
2020
|
| Subjects: |
| LEADER | 01322nam a2200277Ia 4500 | ||
|---|---|---|---|
| 008 | 240830s9999 xx 000 0 und d | ||
| 040 | |a BIBLIOTECA-RUSB/ Mon 720 B456 | ||
| 041 | |a spa | ||
| 082 | |a Mon 720 B456 | ||
| 100 | 1 | |a Benavidez Reyes, Silvia Guadalupe | |
| 100 | 1 | |b Castillo Reyes, Lilliam Franilva A | |
| 100 | 1 | |c Sánchez Solórzano, Karla Azucena | |
| 245 | 1 | 0 | |a Propuesta metodológica para el diseño y aplicación de áreas verdes en edificaciones de tipología educacional en la región Pacífico y Central de Nicaragua |
| 260 | |a Managua |b UNI |c 2020 | ||
| 300 | |a 230 p. :il. | ||
| 500 | |a Contiene: anexos y CD. | ||
| 502 | |a Tesis (Arquitecto) - UNI, 2020. | ||
| 520 | 3 | |a Presenta un diseño y aplicación de áreas verdes enfocado a edificios de tipología educacional, esto considerando que la mayoría de las personas pasan por la escuela, inculcándoles así desde el preescolar el valor y la importancia de las áreas verdes en el desarrollo de los usuarios. A su vez promueve el respeto a la vegetación y el medio ambiente. | |
| 650 | 7 | |a DISEÑO ARQUITECTONICO | |
| 650 | 7 | |b AREAS- MANTENIMIENTO | |
| 650 | 7 | |c CONSTRUCCIONES ESCOLARES | |
| 650 | 7 | |d MEDIO AMBIENTE | |
| 700 | 1 | |a Tutor: |b Benavidez Rodríguez, Wildghem | |
| 942 | |c BK |2 ddc | ||
| 991 | |a TESIS | ||
| 999 | |c 21112 | ||